Stanovenie záväzných normatívov a limitov vybraných nákladových druhov v podniku reštauračného stravovania záverečná práca postgraduálneho štúdia
Enregistré dans:
| Auteur principal: | |
|---|---|
| Collectivité auteur: | |
| Autres auteurs: | |
| Format: | Livre |
| Langue: | slovaque |
| Publié: |
Banská Bystrica
1989
|
| Tags: |
Pas de tags, Soyez le premier à ajouter un tag!
|
MARC
| LEADER | 00000nam a2200000 4500 | ||
|---|---|---|---|
| 001 | c029084 | ||
| 005 | 20221215071539.3 | ||
| 041 | 0 | |a slo | |
| 044 | |a SK | ||
| 245 | 1 | 0 | |a Stanovenie záväzných normatívov a limitov vybraných nákladových druhov v podniku reštauračného stravovania |b záverečná práca postgraduálneho štúdia |c Peter Zemančík ; Ved. práce Marián Gúčik |
| 264 | 1 | |a Banská Bystrica |c 1989 | |
| 300 | |a 39 s. | ||
| 100 | 1 | |a Zemančík, Peter | |
| 700 | 1 | |a Gúčik, Marián | |
| 710 | 2 | |a Vysoká škola ekonomická v Bratislave | |